| 000 | 00370cam a22001337a 4500 | ||
|---|---|---|---|
| 008 | 180718b1963 xxu||||| |||| 00| 0 eng d | ||
| 082 | _aT000x54 Iy9f | ||
| 100 | _aIyengar, S. Kesava | ||
| 245 |
_aFifteen years of democratic planning _cby S. Kesava Iyengar |
||
| 260 |
_aBombay _bAsia _c1963 |
||
| 300 | _a2v. | ||
| 500 | _aRs.28.00 | ||
| 650 | _aEconomic Planning - India | ||
| 999 |
_c371462 _d371462 |
||